000 00749nam a22002537a 4500
001 125649
003 UA-OsUOA
005 20220108190045.0
007 ta
008 20170922b un ||||| |||| 00| 0 ukr d
020 _a966-457-003-6
040 _aUA-OsUOA
_bukr
_cUA-OsUOA
_dUA-OsUOA
041 _aukr
080 _a821.161.2
090 _a821.161.2
_bЗ-36
100 _aЗасенко П.
245 _aКнязівство трав
_bпоезії
_cпередм. В. Барни
260 _aТернопіль
_bТернограф
_c2006
300 _a164 с.
650 7 _a82 Література. Літературознавство
_2UDC
942 _cBK
_2udc
955 _a3
999 _c412907
_d412907